[Event "Cardiff Welsh op"]
[Site "Cardiff"]
[Date "2022.04.17"]
[Round "5"]
[White "Havard, Gwyn"]
[Black "Vlkova, Anezka"]
[Result "1-0"]
[WhiteElo "1916"]
[BlackElo "1938"]
[PlyCount "67"]
[EventDate "2022.04.15"]
[EventType "swiss"]
[EventRounds "7"]
[EventCountry "WLS"]
[SourceTitle "CBM 207 Extra"]
[Source "ChessBase"]
[SourceDate "2022.05.31"]
[SourceVersion "1"]
[SourceVersionDate "2022.05.31"]
[SourceQuality "1"]

1. e4 e6 2. d4 d5 3. exd5 exd5 4. Bd3 c5 5. Qe2+ Be7 6. dxc5 Nf6 7. Nf3 0-0 8. 0-0 Re8 9. Bg5 h6 10. Bh4 Ne4 11. Bxe7 Qxe7 12. Re1 Qxc5 13. Nc3 f5 14. Nxd5 Bd7 15. b4 Qd6 16. Bc4 Kh8 17. Rad1 Na6 18. Ne3 Qc7 19. Bxa6 bxa6 20. Qxa6 f4 21. Qc4 Qb7 22. Nd5 Rac8 23. Qd4 Bf5 24. c4 Qc6 25. Ne5 Qe6 26. Nd3 f3 27. N3f4 Qf7 28. g4 Bh7 29. Re3 Qd7 30. h3 Ng5 31. Rde1 Rxe3 32. Rxe3 Re8 33. Nf6 Qxd4 34. Rxe8+ 1-0

[Event "CZE-chT2A 1920"]
[Site "Czech Republic"]
[Date "2019.12.01"]
[Round "4.6"]
[White "Kandrik, Antonin"]
[Black "Vlkova, Anezka"]
[Result "1-0"]
[WhiteElo "2082"]
[BlackElo "1938"]
[PlyCount "61"]
[EventDate "2019.10.13"]
[EventType "team-tourn"]
[EventRounds "11"]
[EventCountry "CZE"]
[SourceTitle "EXT 2024"]
[Source "ChessBase"]
[SourceDate "2023.10.10"]
[SourceVersion "1"]
[SourceVersionDate "2023.10.10"]
[SourceQuality "1"]
[WhiteTeam "Pribram Banik"]
[BlackTeam "Vlasim II"]
[WhiteTeamCountry "CZE"]
[BlackTeamCountry "CZE"]

1. d4 e6 2. Nf3 Nf6 3. g3 d5 4. Bg2 b5 5. 0-0 Bb7 6. Ne5 Nbd7 7. Bg5 Nxe5 8. dxe5 h6 9. Bxf6 gxf6 10. exf6 Qxf6 11. Nd2 h5 12. e4 h4 13. Qe2 0-0-0 14. Qxb5 hxg3 15. hxg3 Qh6 16. Rfd1 e5 17. Nf3 Be7 18. c4 Ba6 19. Qa4 dxc4 20. Rxd8+ Bxd8 21. Rd1 Qe6 22. Nxe5 Rh6 23. Nf3 Be7 24. Qe8+ Kb7 25. e5 Kb6 26. Nd4 Qxe5 27. Qb8+ Kc5 28. Qxa7+ Rb6 29. Nf3 Qf6 30. Qxc7+ Rc6 31. Qa5+ 1-0

[Event "Wch U20 Girls 37th"]
[Site "New Delhi"]
[Date "2019.10.23"]
[Round "9"]
[White "Vlkova, Anezka"]
[Black "Ortiz Verdesoto, Anahi Eduarda"]
[Result "0-1"]
[WhiteElo "1972"]
[BlackElo "2055"]
[PlyCount "44"]
[EventDate "2019.10.15"]
[EventType "swiss"]
[EventRounds "11"]
[EventCountry "IND"]
[SourceTitle "CBM 192 Extra"]
[Source "Chessbase"]
[SourceDate "2019.11.06"]
[SourceVersion "1"]
[SourceVersionDate "2019.11.06"]
[SourceQuality "1"]

1. e4 e5 2. Nf3 Nc6 3. Bc4 Bc5 4. 0-0 Nf6 5. d3 0-0 6. h3 h6 7. c3 d5 8. exd5 Nxd5 9. Re1 Be6 10. b4 Bd6 11. b5 Nce7 12. Nxe5 c6 13. a4 Qc7 14. Qe2 Rfe8 15. Ba3 c5 16. Nf3 Rad8 17. Qc2 Qc8 18. Qb3 Bxh3 19. Bxd5 Nxd5 20. Rxe8+ Rxe8 21. Qc4 Bxg2 22. Qxd5 Qh3 0-1

[Event "Wch U20 Girls 37th"]
[Site "New Delhi"]
[Date "2019.10.19"]
[Round "6"]
[White "Blazeka, Mihaela"]
[Black "Vlkova, Anezka"]
[Result "0-1"]
[WhiteElo "2109"]
[BlackElo "1972"]
[PlyCount "122"]
[EventDate "2019.10.15"]
[EventType "swiss"]
[EventRounds "11"]
[EventCountry "IND"]
[SourceTitle "CBM 192 Extra"]
[Source "Chessbase"]
[SourceDate "2019.11.06"]
[SourceVersion "1"]
[SourceVersionDate "2019.11.06"]
[SourceQuality "1"]

1. e4 e6 2. d4 d5 3. Nd2 Nf6 4. e5 Nfd7 5. Bd3 c5 6. c3 Nc6 7. Ne2 cxd4 8. cxd4 f6 9. exf6 Qxf6 10. Nf3 h6 11. 0-0 Bd6 12. Be3 0-0 13. Rc1 Rd8 14. Bb1 Nf8 15. Qd2 Bd7 16. a3 Be8 17. Ng3 Bg6 18. b4 a6 19. Rfe1 Rd7 20. Qe2 Bxb1 21. Rxb1 Rc7 22. Nh5 Qf5 23. Nd2 g5 24. g4 Qf7 25. h4 Bf4 26. Nf3 Rac8 27. Rbd1 Qg6 28. hxg5 hxg5 29. Qd2 Rh7 30. Nxg5 Qxg5 31. Bxf4 Qxg4+ 32. Ng3 Ng6 33. Bg5 Rh5 34. Bf6 Kf7 35. Qe2 Qxe2 36. Rxe2 Nf4 37. Re3 Kxf6 38. Rf3 Rf5 39. Nxf5 Kxf5 40. Kh2 Rh8+ 41. Kg1 e5 42. dxe5 Nxe5 43. Rxd5 Ke4 44. Rxe5+ Kxe5 45. Re3+ Kf5 46. Re7 b5 47. Rf7+ Ke4 48. Re7+ Kf3 49. Re3+ Kg4 50. Rg3+ Kf5 51. Rg7 Rh6 52. Rf7+ Ke4 53. Re7+ Re6 54. Rc7 Nd5 55. Rc1 Kf3 56. Rc5 Re1+ 57. Kh2 Nf4 58. Rc6 Re6 59. Rc2 Re2 60. Rc6 Rxf2+ 61. Kh1 Kg3 0-1

[Event "Wch U20 Girls 37th"]
[Site "New Delhi"]
[Date "2019.10.17"]
[Round "3"]
[White "Vlkova, Anezka"]
[Black "Munkhzul, Turmunkh"]
[Result "1-0"]
[WhiteElo "1972"]
[BlackElo "2332"]
[PlyCount "69"]
[EventDate "2019.10.15"]
[EventType "swiss"]
[EventRounds "11"]
[EventCountry "IND"]
[SourceTitle "CBM 192 Extra"]
[Source "Chessbase"]
[SourceDate "2019.11.06"]
[SourceVersion "1"]
[SourceVersionDate "2019.11.06"]
[SourceQuality "1"]

1. e4 c5 2. Nc3 Nc6 3. g3 g6 4. Bg2 Bg7 5. d3 d6 6. Nge2 e6 7. 0-0 Nge7 8. Bg5 h6 9. Be3 Nd4 10. Qd2 h5 11. Rab1 Nec6 12. a3 h4 13. b4 e5 14. Nd5 b6 15. c3 Nxe2+ 16. Qxe2 Be6 17. f4 hxg3 18. hxg3 exf4 19. Nxf4 Bd7 20. b5 Ne5 21. d4 Ng4 22. e5 g5 23. e6 0-0 24. Qxg4 gxf4 25. exd7 fxe3 26. Bxa8 Qxa8 27. Rf5 f6 28. dxc5 bxc5 29. Rd1 Qb8 30. Qc4+ Rf7 31. Rxc5 Bf8 32. Rc8 Qb6 33. Rd4 e2 34. Kf2 d5 35. Qxd5 1-0

[Event "Vsetin op 44th"]
[Site "Vsetin"]
[Date "2019.07.03"]
[Round "6"]
[White "Vlkova, Anezka"]
[Black "Travnicek, Krystof Mikulas"]
[Result "1-0"]
[WhiteElo "1987"]
[BlackElo "1970"]
[PlyCount "53"]
[EventDate "2019.06.29"]
[EventType "swiss"]
[EventRounds "9"]
[EventCountry "CZE"]
[SourceTitle "CBM 191 Extra"]
[Source "ChessBase"]
[SourceDate "2019.09.30"]
[SourceVersion "1"]
[SourceVersionDate "2019.09.30"]
[SourceQuality "1"]

1. e4 c5 2. Nc3 a6 3. g3 b5 4. Bg2 Bb7 5. d3 e6 6. Nh3 Nf6 7. 0-0 d5 8. exd5 Nxd5 9. Ne4 Nc6 10. Nf4 Be7 11. Re1 Nxf4 12. Bxf4 0-0 13. Qh5 g6 14. Qh6 f6 15. Be3 Qb6 16. Qh3 Nd4 17. b4 e5 18. bxc5 Bxc5 19. c3 Bxe4 20. Bxe4 Nc2 21. Bxa8 Rxa8 22. Bxc5 Qxc5 23. Qe6+ Kg7 24. d4 Qf8 25. dxe5 Nxe1 26. Rxe1 Ra7 27. Qb6 1-0

[Event "CZE-ch blitz (Women)"]
[Site "Prague"]
[Date "2018.12.22"]
[Round "12"]
[White "Worek, Joanna"]
[Black "Vlkova, Anezka"]
[Result "1-0"]
[WhiteElo "2304"]
[BlackElo "1963"]
[PlyCount "47"]
[EventDate "2018.12.22"]
[EventType "swiss (blitz)"]
[EventRounds "15"]
[EventCountry "CZE"]
[SourceTitle "CBM 187 Extra"]
[Source "ChessBase"]
[SourceDate "2018.11.04"]
[SourceVersion "1"]
[SourceVersionDate "2018.11.04"]
[SourceQuality "1"]

1. d4 Nf6 2. c4 g6 3. Nc3 Bg7 4. Nf3 0-0 5. Bg5 d6 6. e3 c5 7. Be2 b6 8. 0-0 Bb7 9. Qc2 Nbd7 10. Rad1 Rc8 11. d5 Qc7 12. Nd2 e6 13. e4 Rce8 14. dxe6 fxe6 15. Bh4 Ne5 16. Bg3 Nc6 17. Nb5 Qd7 18. Bxd6 Rf7 19. e5 Nb4 20. Qb3 Nh5 21. Bxh5 gxh5 22. a3 Nc6 23. Nf3 a6 24. Bxc5 1-0

[Event "CZE-chT2A 1819"]
[Site "Czech Republic"]
[Date "2018.12.16"]
[Round "5.8"]
[White "Jirman, Pavel"]
[Black "Vlkova, Anezka"]
[Result "1-0"]
[WhiteElo "2026"]
[BlackElo "1925"]
[PlyCount "83"]
[EventDate "2018.10.14"]
[EventType "team-tourn"]
[EventRounds "11"]
[EventCountry "CZE"]
[SourceTitle "EXT 2022"]
[Source "ChessBase"]
[SourceDate "2021.10.06"]
[SourceVersion "1"]
[SourceVersionDate "2021.10.06"]
[SourceQuality "1"]
[WhiteTeam "Vysehrad II"]
[BlackTeam "Vlasim"]
[WhiteTeamCountry "CZE"]
[BlackTeamCountry "CZE"]

1. e4 c5 2. Nf3 d6 3. d4 cxd4 4. Nxd4 Nf6 5. Nc3 g6 6. Be3 Bg7 7. Qd2 Nc6 8. f3 0-0 9. 0-0-0 Bd7 10. g4 Qa5 11. Bc4 Ne5 12. Bb3 b5 13. g5 b4 14. Nce2 Nh5 15. Ng3 Rfc8 16. Nxh5 gxh5 17. Kb1 Nc4 18. Bxc4 Rxc4 19. Nb3 Qc7 20. Bd4 e5 21. Be3 Bf8 22. Rhg1 Rc8 23. Rg2 a5 24. Rdg1 Bh3 25. Rf2 Be6 26. Qd3 a4 27. Nc1 a3 28. b3 Rc3 29. Qe2 d5 30. Nd3 dxe4 31. fxe4 Bg4 32. Qd2 Rd8 33. Rgf1 Rd7 34. Rf6 Be6 35. Qe2 Be7 36. Qxh5 Rdxd3 37. Rxe6 Bf8 38. cxd3 fxe6 39. g6 hxg6 40. Qxg6+ Bg7 41. Qxe6+ Kh7 42. Rf3 1-0

[Event "Wch U18 Girls"]
[Site "Porto Carras"]
[Date "2018.10.27"]
[Round "8"]
[White "Vlkova, Anezka"]
[Black "Represa Perez, Mireya"]
[Result "0-1"]
[WhiteElo "1925"]
[BlackElo "2151"]
[PlyCount "52"]
[EventDate "2018.10.20"]
[EventType "swiss"]
[EventRounds "11"]
[EventCountry "GRE"]
[SourceTitle "CBM 187 Extra"]
[Source "ChessBase"]
[SourceDate "2018.11.04"]
[SourceVersion "1"]
[SourceVersionDate "2018.11.04"]
[SourceQuality "1"]

1. e4 c5 2. Nc3 a6 3. g3 b5 4. Bg2 Bb7 5. d3 e6 6. Nh3 Be7 7. 0-0 b4 8. Ne2 Nc6 9. f4 d5 10. Nf2 Nf6 11. a3 a5 12. h3 0-0 13. g4 Ne8 14. exd5 exd5 15. Ng3 g6 16. g5 f6 17. gxf6 Bxf6 18. f5 Be5 19. Bh6 Ng7 20. Ng4 Bxg3 21. f6 Nf5 22. Bxf8 Kxf8 23. Qd2 Ncd4 24. axb4 cxb4 25. Ra2 Qb6 26. Kh1 Bd6 0-1

[Event "Pardubice Czech op-B 29th"]
[Site "Pardubice"]
[Date "2018.07.24"]
[Round "5"]
[White "Vlkova, Anezka"]
[Black "Itgelt, Khuyagtsogt"]
[Result "0-1"]
[WhiteElo "1889"]
[BlackElo "2018"]
[PlyCount "54"]
[EventDate "2018.07.20"]
[EventType "swiss"]
[EventRounds "9"]
[EventCountry "CZE"]
[SourceTitle "CBM 186 Extra"]
[Source "ChessBase"]
[SourceDate "2018.08.24"]
[SourceVersion "1"]
[SourceVersionDate "2018.08.24"]
[SourceQuality "1"]

1. e4 e6 2. d4 d5 3. Nc3 Nf6 4. e5 Nfd7 5. f4 c5 6. Nf3 Be7 7. Be3 0-0 8. Bd3 Nc6 9. 0-0 b6 10. a3 f5 11. exf6 Nxf6 12. Ne5 Bb7 13. f5 Nxd4 14. fxe6 Nxe6 15. Qf3 Qd6 16. Ng4 Ne4 17. Qh3 N6g5 18. Bxg5 Bxg5 19. Rfe1 Rae8 20. Rad1 Qg6 21. Bb5 Re7 22. Nxd5 Bxd5 23. Rxd5 Nf2 24. Qc3 Rxe1+ 25. Qxe1 Nxg4 26. Rd3 Qh6 27. h3 Be3+ 0-1

[Event "CZE-chT U18 Extraliga final-A 1718"]
[Site "Czech Republic"]
[Date "2018.04.20"]
[Round "8.4"]
[White "Kubat, Martin"]
[Black "Vlkova, Anezka"]
[Result "0-1"]
[WhiteElo "1872"]
[BlackElo "1934"]
[PlyCount "52"]
[EventDate "2017.10.07"]
[EventType "team-tourn"]
[EventRounds "11"]
[EventCountry "CZE"]
[SourceTitle "EXT 2023"]
[Source "ChessBase"]
[SourceDate "2022.10.05"]
[SourceVersion "1"]
[SourceVersionDate "2022.10.05"]
[SourceQuality "1"]
[WhiteTeam "Praha Kobylisy (U18)"]
[BlackTeam "Vlasim (U18)"]
[WhiteTeamCountry "CZE"]
[BlackTeamCountry "CZE"]

1. e4 c5 2. Nf3 d6 3. d4 cxd4 4. Nxd4 Nf6 5. Nc3 g6 6. Be3 Bg7 7. f3 0-0 8. Qd2 Nc6 9. Bc4 Bd7 10. 0-0-0 Rc8 11. Bb3 Nxd4 12. Bxd4 b5 13. h4 a5 14. a4 bxa4 15. Nxa4 Bxa4 16. Bxa4 Rc4 17. Bb3 Nxe4 18. Qe3 Rxd4 19. fxe4 Rxd1+ 20. Rxd1 Qc7 21. g4 Rc8 22. Kb1 Qd7 23. Qf4 Qe8 24. Rf1 e6 25. Qxd6 a4 26. Rxf7 Kxf7 0-1

[Event "CZE-chT U18 Extraliga Ost 1718"]
[Site "Czech Republic"]
[Date "2017.10.07"]
[Round "1.4"]
[White "Nekarda, Jan"]
[Black "Vlkova, Anezka"]
[Result "0-1"]
[WhiteElo "1642"]
[BlackElo "1934"]
[PlyCount "64"]
[EventDate "2017.10.07"]
[EventType "team-tourn"]
[EventRounds "11"]
[EventCountry "CZE"]
[SourceTitle "EXT 2023"]
[Source "ChessBase"]
[SourceDate "2022.10.05"]
[SourceVersion "1"]
[SourceVersionDate "2022.10.05"]
[SourceQuality "1"]
[WhiteTeam "Stare Mesto (U18)"]
[BlackTeam "Vlasim (U18)"]
[WhiteTeamCountry "CZE"]
[BlackTeamCountry "CZE"]

1. e4 c5 2. c3 d5 3. exd5 Qxd5 4. d4 g6 5. Nf3 Bg7 6. Be3 Nc6 7. Na3 cxd4 8. Nb5 Qd8 9. Nbxd4 Nxd4 10. Nxd4 Nf6 11. Be2 0-0 12. 0-0 e5 13. Nf3 Qc7 14. Qb3 Be6 15. Qc2 Nd5 16. Bg5 f5 17. Rad1 h6 18. Bc1 Rad8 19. a3 g5 20. c4 Nb6 21. b3 e4 22. Nd2 Qe5 23. c5 Rc8 24. b4 Nd5 25. Nc4 Qc3 26. Qb2 f4 27. Qd2 f3 28. gxf3 Nf4 29. Bb2 Qxd2 30. Rxd2 Nxe2+ 31. Rxe2 Bxc4 32. Rxe4 Bxf1 0-1